Análisis y reflexiones sobre la educación para personas jóvenes y adultas : (Record no. 213863)

MARC details
000 -CABECERA
campo de control de longitud fija 02451nam a2200289 a 4500
003 - IDENTIFICADOR DEL NÚMERO DE CONTROL
campo de control MX-MxUPN
005 - FECHA Y HORA DE LA ÚLTIMA TRANSACCIÓN
campo de control 20260320104807.0
008 - ELEMENTOS DE LONGITUD FIJA--INFORMACIÓN GENERAL
campo de control de longitud fija 250826s2025 mx|||||fr|||| 000 0 spa d
020 ## - NÚMERO INTERNACIONAL NORMALIZADO PARA LIBROS
Número Internacional Estándar del Libro 9786072646087
040 ## - FUENTE DE LA CATALOGACIÓN
Centro catalogador/agencia de origen MX-MxUPN
Lengua de catalogación spa
Centro/agencia transcriptor MX-MxUPN
041 0# - CÓDIGO DE IDIOMA
Código de lengua del texto/banda sonora o título independiente spa
050 14 - SIGNATURA TOPOGRÁFICA DE LA BIBLIOTECA DEL CONGRESO
Número de clasificación LC5255 M6
Número de documento/Ítem A53 2025
245 00 - MENCIÓN DE TÍTULO
Título Análisis y reflexiones sobre la educación para personas jóvenes y adultas :
Resto del título trayectorias, derechos y ciudadanía
250 ## - MENCIÓN DE EDICIÓN
Mención de edición Primera edición.
260 ## - PUBLICACIÓN, DISTRIBUCIÓN, ETC.
Lugar de publicación, distribución, etc. Cuernavaca, Morelos :
Nombre del editor, distribuidor, etc. Universidad Autónoma del Estado de Morelos :
-- Universidad Pedagógica Nacional,
Fecha de publicación, distribución, etc. ©2025
300 ## - DESCRIPCIÓN FÍSICA
Extensión 362 páginas
505 00 - NOTA DE CONTENIDO CON FORMATO PREESTABLECIDO
Título La formación a docentes que trabajan con personas jóvenes y adultas: una necesidad y justicia social /
Mención de responsabilidad María del Pilar Sánchez Ascencio --
Título Embarazo adolescente (ea) en Morelos: trayectorias escolares interrumpidas. Un fenómeno estudiado desde la teoría del capital cultural /
Mención de responsabilidad Anselmo Torres Arizmendi --
Título La imagen ciudadana de jóvenes mexicanos a mediados del siglo xx: la corporalidad en José Gómez Robleda /
Mención de responsabilidad Gustavo Adolfo Enríquez Gutiérrez --
Título La formación docente en la educación indígena, trayectoria en la Universidad Pedagógica Nacional /
Mención de responsabilidad Beatriz Tenorio Sánchez --
Título Construyendo una epja transformadorapara Vivir Bien /
Mención de responsabilidad María del Carmen Campero Cuenca --
Título El derecho de las nuevas generaciones a ser diferentes en la construcción ciudadana de la Nueva Escuela Mexicana /
Mención de responsabilidad Juan Bello Domínguez --
Título Acoso y ciberacoso escolar: experiencias y acciones de intervención en una telesecundaria* /
Mención de responsabilidad Isabel Izquierdo, Bertha Alcántara Sánchez, Magali Atristan Hernández --
Título Justicia educativa para la educación de personas jóvenes y adultas desde la educación popular /
Mención de responsabilidad Nélida Céspedes Rossel --
Título La educación multigrado sinónimo de exclusión y desigualdad: un espacio de reflexión para la Educación para Jóvenes y Adultos /
Mención de responsabilidad Cynthia Desireé Tapia Terrazas, Fausto Marlon Daza Castillo.
530 ## - NOTA DE FORMATO FÍSICO ADICIONAL DISPONIBLE
Nota de formato físico adicional disponible También disponible en línea.
650 #4 - ASIENTO SECUNDARIO DE MATERIA - TERMINO TEMATICO
Término de materia o nombre geográfico como elemento de entrada Jóvenes
Subdivisión general Educación
Subdivisión geográfica México
9 (RLIN) 53627
650 #4 - ASIENTO SECUNDARIO DE MATERIA - TERMINO TEMATICO
Término de materia o nombre geográfico como elemento de entrada Educación de adultos
Subdivisión geográfica México
9 (RLIN) 5673
700 1# - ASIENTO SECUNDARIO--NOMBRE DE PERSONAL
Nombre de persona Torres Arizmendi, Anselmo
9 (RLIN) 58184
Término indicativo de función/relación coordinación
700 1# - ASIENTO SECUNDARIO--NOMBRE DE PERSONAL
Nombre de persona Sánchez Ascencio, María del Pilar
9 (RLIN) 58183
Término indicativo de función/relación coordinación
856 41 - LOCALIZACIÓN Y ACCESO ELECTRÓNICOS
Identificador Uniforme del Recurso <a href="http://riaa.uaem.mx/handle/20.500.12055/4843">http://riaa.uaem.mx/handle/20.500.12055/4843</a>
902 ## - ELEMENTOS DE DATOS B LOCAL, LDB (RLIN)
Creó MarisolLicea/26082025
Modificó Víctor Ruiz/151025
942 ## - ELEMENTOS DE PUNTO DE ACCESO ADICIONAL (KOHA)
Fuente del sistema de clasificación o colocación Library of Congress Classification
Tipo de ítem Koha Libro
Suprimir en OPAC No
Holdings
Estado de retiro Estado de pérdida Fuente del sistema de clasificación o colocación Estado dañado No para préstamo Código de colección Localización permanente Ubicación/localización actual Ubicación en estantería Fecha de adquisición Total de préstamos Clasificación Código de barras Fecha visto por última vez Tipo de ítem Koha Identificador Uniforme del Recurso Precio válido a partir de
    Library of Congress Classification   Disponible (Previa cita) UPN Bib. Gregorio Torres Quintero Bib. Gregorio Torres Quintero Sala de Fondos Reservados Planta alta 26/08/2025   LC5255 M6 A53 2025 340778 26/08/2025 Libro    
    Library of Congress Classification     Acceso abierto Bib. Gregorio Torres Quintero Bib. Gregorio Torres Quintero En línea 20/03/2026   LC5255 M6   20/03/2026 Libro Electrónico http://riaa.uaem.mx/handle/20.500.12055/4843 20/03/2026